Abstracting and indexing services in perspective : (Record no. 19303)

000 -LEADER
fixed length control field 00839cam a2200205 a 4500
020 ## - INTERNATIONAL STANDARD BOOK NUMBER
ISBN 0878150439
040 ## - CATALOGING SOURCE
Transcribing agency DLC
082 00 - DEWEY DECIMAL CLASSIFICATION NUMBER
Classification number 025 AIT 1983 C162 Or.
245 00 - TITLE STATEMENT
Title Abstracting and indexing services in perspective :
Remainder of title Miles Conrad memorial lectures, 1969-1983, commemorating the twenty-fifth anniversary of the National Federation of Abstracting and Information Services /
260 ## - PUBLICATION, DISTRIBUTION, ETC. (IMPRINT)
Place of publication Arlington, Va. :
Name of publisher Information Resources Press,
Year of publication 1983.
300 ## - PHYSICAL DESCRIPTION
Number of Pages xi, 300 p. :
Other physical details ill. ;
Dimensions 24 cm. +
Accompanying material 1 index (5 p. ; 22 cm.)
500 ## - GENERAL NOTE
General note Index inserted in pocket.
650 #0 - SUBJECT ADDED ENTRY--TOPICAL TERM
Topical Term Abstracting and indexing services.
650 #0 - SUBJECT ADDED ENTRY--TOPICAL TERM
Topical Term Information services.
700 1# - ADDED ENTRY--PERSONAL NAME
Personal name Neufeld, M. Lynne.
700 1# - ADDED ENTRY--PERSONAL NAME
Personal name Cornog, Martha.
700 1# - ADDED ENTRY--PERSONAL NAME
Personal name Sperr, Inez L.
710 2# - ADDED ENTRY--CORPORATE NAME
Corporate name or jurisdiction name as entry element National Federation of Abstracting and Information Services (U.S.)
942 ## - ADDED ENTRY ELEMENTS (KOHA)
Koha item type ADB
952 ## - LOCATION AND ITEM INFORMATION (KOHA)
Withdrawn status [LOCAL, KOHA] 0
Holdings
Source of acquisition Permanent Location Date acquired Koha item type Lost status Shelving location Current Location Full call number
A33736Library Block C2020-09-08សៀវភៅភាសាអង់គ្លេស C162Library Block C025 AIT 1983 C162 Or.
មជ្ឈមណ្ឌលឯការនៃសាកលវិទ្យាល័យភូមិន្ទកសិកម្មចំការដូង

Powered by Koha